Teora̕ y prc̀tica procesal cuestiones de derecho procesal civil /

Detalles Bibliográficos
Autor principal: Barbancho Tovillas, Francisco Još
Formato: Desconocido
Lenguaje:español
Publicado: Barcelona : Atelier, D.L. 1999
Materias:
Acceso en línea:Acceso restringido

MARC

LEADER 00000ny a22000003n 4500
005 20110622132716.0
008 000512s1999 sp s 000 0 spa c
017 |a B48049-1999 
020 |a 978-84930-5247-8 
035 |a 521 
040 |a UMA.RE  |d vLex 
040 |a UMA.RLB  |d vLex 
080 |a 347.91/.95(460) 
090 |c 1012  |d 1012 
100 1 |a Barbancho Tovillas, Francisco Još 
245 1 0 |a Teora̕ y prc̀tica procesal  |h [Recurso electrn̤ico]  |b cuestiones de derecho procesal civil /  |c Francisco Jos ̌Barbancho Tovillas ; con la colaboracin̤ de Sonia Martn̕ Alb̀ 
256 |a Servicio en ln̕ea 
260 |a Barcelona :  |b Atelier,  |c D.L. 1999 
300 |a 360 p. ;  |c 22 cm 
505 8 |a Contiene : I 
506 1 |a Contenido solo disponible en los productos indicados  |d vLex Global  |d vLex Global (Academic Edition, excluding Law Schools)  |d vLex Global (U.S. Academic Edition, Law Schools)  |d vLex Global (U.S. Academic Edition, excluding Law Schools)  |d vLex Global (Academic Edition, Law Schools) 
650 0 7 |a Procesal  |2 Tesauro vLex 
700 1 |a Martn̕ Alb,̀ Sonia,  |e col 
740 0 |a vLex Libros (Servicios en ln̕ea) 
856 4 0 |u http://vlex.com/source/521  |z Acceso restringido 
942 |c BOOK 
999 0 4 |a Procedimiento civil  |z Espaą